STATISTICKÉ VYHODNOCENÍ MONITORINGU JAKOSTI VODY V POVODÍ ŘEKY SVRATKY

Bibliographic Details
Main Authors: koutková, Helena (Author), Julínek, Tomáš (Author)
Format: Article
Language:Czech
ISBN:8088820189

MARC

LEADER 00000naa a2200000uu 4500
001 vtls010962514
003 SK-MaSNL
005 20260302121253.0
008 220810|2001 xo |||||||||||||||||cze|
015 |a SNBRA 
035 |a (urnnbn)urn:nbn:sk:snk:ar-a0bt0f 
035 |a (uuid)868102cb-4ebb-47e0-a25d-abeeec05b5d2 
035 |a urn:nbn:sk:snk-aaukly 
040 |a SNKBUCL  |b slo  |c SNKBUCL  |e AACR2 
041 0 |a cze 
044 |a xo  |c SK 
100 1 |a koutková, Helena  |4 aut  |9 776295 
245 1 0 |a STATISTICKÉ VYHODNOCENÍ MONITORINGU JAKOSTI VODY V POVODÍ ŘEKY SVRATKY  |c Helena Koutková, Tomáš Julínek 
700 1 |a Julínek, Tomáš  |4 aut  |9 798505 
773 0 |t Enviromentálne [i.e. Environmentálne] aspekty navrhovania a prevádzky nádrží a priehrad ; Vplyv vodohospodárskych stavieb na tvorbu a ochranu životného prostredia  |d Bratislava : Asco, 2001  |g S. 371-377  |z 8088820189 
954 |a odborná, vedecká literatúra cudzojazyčná (svetová)  |2 lita 
958 |a OND 
958 |a article11 
958 |a chapter 
999 |c 1273321  |d 1275251